000 00685cam a22002413a 4500
001 28338
003 PGUSA
005 20140828083619.0
008 090316s2009||||xxu|||||s|||||000 | eng d
040 _aPGUSA
_beng
042 _adc
050 4 _aLA
100 1 _aErasmus, Desiderius,
_d1469-1536
245 1 4 _aThe Education of Children
_h[electronic resource] /
_cDesiderius Erasmus
260 _bProject Gutenberg,
_c2009
506 _aPublic domain in the USA.
516 _aElectronic text
653 _aEducation -- Early works to 1800
700 1 _aSherry, Richard
830 0 _aProject Gutenberg
_v28338
856 4 0 _uhttp://www.gutenberg.org/ebooks/28338
942 _cEB
999 _c257593
_d257593